[Event "Subotica City-ch"]
[Site "Subotica"]
[Date "2019.03.13"]
[Round "8"]
[White "Bosnjak, Slobodan"]
[Black "Fatyol, Istvan"]
[Result "1/2-1/2"]
[WhiteElo "1819"]
[BlackElo "1951"]
[PlyCount "83"]
[EventDate "2019.02.25"]
[EventType "swiss"]
[EventRounds "9"]
[EventCountry "SRB"]
[SourceTitle "CBM 189 Extra"]
[Source "ChessBase"]
[SourceDate "2019.06.03"]
[SourceVersion "1"]
[SourceVersionDate "2019.06.03"]
[SourceQuality "1"]

1. e4 c5 2. Bc4 Nc6 3. Nf3 d6 4. c3 Nf6 5. d3 g6 6. 0-0 Bg7 7. Be3 0-0 8. Bb3 b5 9. Qd2 Ng4 10. Bf4 Nce5 11. Nxe5 Nxe5 12. Bd5 Rb8 13. a3 Ba6 14. d4 cxd4 15. cxd4 Nc4 16. Bxc4 bxc4 17. Rd1 Qb6 18. Ra2 Rfc8 19. Nc3 Bb7 20. Be3 Qb3 21. f3 Rf8 22. Bh6 f5 23. Bxg7 Kxg7 24. d5 fxe4 25. fxe4 Rf6 26. Raa1 Bc8 27. Rf1 Qxb2 28. Qd4 Qb6 29. Qxb6 Rxb6 30. Rfc1 Rb3 31. Ne2 Re3 32. Nc3 Rd3 33. Rab1 Rd2 34. Nd1 Bg4 35. Ne3 Be2 36. Rb7 Kf7 37. h3 Rd4 38. Re1 Bd3 39. Ng4 Rf4 40. e5 dxe5 41. Rxe5 Rde4 42. Rbxe7+ 1/2-1/2

[Event "Subotica-ch"]
[Site "Subotica"]
[Date "2015.03.02"]
[Round "7"]
[White "Smit, Jovan"]
[Black "Bosnjak, Slobodan"]
[Result "1-0"]
[WhiteElo "1823"]
[BlackElo "1851"]
[PlyCount "55"]
[EventDate "2015.02.16"]
[EventType "swiss"]
[EventRounds "9"]
[EventCountry "SRB"]
[SourceTitle "CBM 165 Extra"]
[Source "ChessBase"]
[SourceDate "2015.04.21"]
[SourceVersion "1"]
[SourceVersionDate "2015.04.21"]
[SourceQuality "1"]

1. e4 e5 2. Bc4 d6 3. Ne2 Nf6 4. d3 Be7 5. 0-0 0-0 6. f4 Bg4 7. h3 Bxe2 8. Qxe2 Nc6 9. c3 Na5 10. Bb3 c6 11. Ba4 b5 12. Bc2 Nb7 13. Be3 Nd7 14. Nd2 Bf6 15. Nf3 a5 16. Rad1 b4 17. d4 exd4 18. Bxd4 Bxd4+ 19. Nxd4 Qc7 20. Nf5 g6 21. Nh6+ Kg7 22. Ng4 Nf6 23. Nxf6 Kxf6 24. Qg4 Kg7 25. f5 Rg8 26. fxg6 hxg6 27. e5 dxe5 28. Rd7 1-0

[Event "Subotica-ch"]
[Site "Subotica"]
[Date "2014.03.10"]
[Round "9"]
[White "Szabo, Nikita"]
[Black "Bosnjak, Slobodan"]
[Result "0-1"]
[WhiteElo "1638"]
[BlackElo "1854"]
[PlyCount "102"]
[EventDate "2014.02.19"]
[EventType "swiss"]
[EventRounds "9"]
[EventCountry "SRB"]
[SourceTitle "CBM 159 Extra"]
[Source "ChessBase"]
[SourceDate "2014.04.24"]
[SourceVersion "1"]
[SourceVersionDate "2014.04.24"]
[SourceQuality "1"]

1. d4 d5 2. c4 c6 3. Nc3 e6 4. Nf3 Nf6 5. Bf4 Nbd7 6. e3 Bb4 7. Bd3 Qa5 8. Qc2 0-0 9. 0-0 Bxc3 10. bxc3 Re8 11. cxd5 Nxd5 12. Bxh7+ Kh8 13. Ng5 f5 14. Bg6 N7f6 15. Bxe8 Nxe8 16. Be5 Qxc3 17. Qe2 Ndf6 18. Qf3 Qa3 19. h4 Qe7 20. Nh3 Ng4 21. Nf4 Kh7 22. Qh3 Bd7 23. e4 Nd6 24. f3 Nxe5 25. dxe5 Nc4 26. Nd3 Nxe5 27. Rad1 Nxd3 28. Rxd3 f4 29. Rfd1 Be8 30. e5 Qc5+ 31. Kh1 Qxe5 32. Rd6 Bf7 33. Rd7 Bg6 34. Rxb7 Bf5 35. Qh2 a5 36. Qg1 Qf6 37. Qf2 e5 38. g3 fxg3 39. Qxg3 e4 40. Qf4 exf3 41. Qxf3 Qxh4+ 42. Kg1 Be4 43. Rxg7+ Kxg7 44. Rd7+ Kh6 45. Rd6+ Bg6 46. Re6 Re8 47. Rxg6+ Kxg6 48. Qxc6+ Kf7 49. Qd7+ Re7 50. Qd5+ Re6 51. Qf5+ Qf6 0-1

[Event "Subotica-ch"]
[Site "Subotica"]
[Date "2014.02.26"]
[Round "4"]
[White "Bosnjak, Slobodan"]
[Black "Miljkovic, Vukasin"]
[Result "1-0"]
[WhiteElo "1854"]
[BlackElo "1683"]
[PlyCount "85"]
[EventDate "2014.02.19"]
[EventType "swiss"]
[EventRounds "9"]
[EventCountry "SRB"]
[SourceTitle "CBM 159 Extra"]
[Source "ChessBase"]
[SourceDate "2014.04.24"]
[SourceVersion "1"]
[SourceVersionDate "2014.04.24"]
[SourceQuality "1"]

1. e4 e5 2. Bc4 Nf6 3. d3 h6 4. f4 d6 5. Nf3 Nbd7 6. 0-0 c6 7. c3 Be7 8. Bb3 a5 9. Qe1 a4 10. Bc2 Nh5 11. fxe5 dxe5 12. Qd1 Nhf6 13. Bxa4 Nc5 14. Bc2 Bg4 15. b4 Bxf3 16. Qxf3 Ne6 17. Bb3 Qd6 18. Qf5 g6 19. Qh3 h5 20. Bxe6 Qxe6 21. Qxe6 fxe6 22. Bg5 0-0 23. Nd2 b5 24. Nf3 Kg7 25. Nxe5 Rac8 26. Nf3 c5 27. e5 Nd5 28. Bxe7 Nxe7 29. Ng5 Rxf1+ 30. Rxf1 Nd5 31. Nxe6+ Kh6 32. Nxc5 Nxc3 33. Rf2 Ra8 34. d4 Nxa2 35. Nd3 Nc3 36. g3 Rd8 37. Rc2 Ne4 38. e6 Rxd4 39. e7 Nf6 40. Nf4 Rxb4 41. Nd5 Rb1+ 42. Kg2 Re1 43. Nxf6 1-0

[Event "Subotica-ch"]
[Site "Subotica"]
[Date "2011.03.02"]
[Round "5"]
[White "Bosnjak, Slobodan"]
[Black "Pajzer, Istvan"]
[Result "0-1"]
[WhiteElo "1911"]
[BlackElo "2114"]
[PlyCount "78"]
[EventDate "2011.02.21"]
[EventType "swiss"]
[EventRounds "9"]
[EventCountry "SRB"]
[SourceTitle "CBM 141 Extra"]
[Source "ChessBase"]
[SourceDate "2011.05.03"]
[SourceVersion "1"]
[SourceVersionDate "2011.05.03"]
[SourceQuality "1"]

1. e4 c5 2. Nf3 d6 3. d4 cxd4 4. Nxd4 Nf6 5. Nc3 a6 6. Bd3 e6 7. 0-0 Be7 8. b3 b5 9. Nf3 Nbd7 10. Bb2 Bb7 11. h3 Rc8 12. a3 0-0 13. Nh2 Nc5 14. Re1 Rc7 15. Ng4 Nxd3 16. cxd3 Qd7 17. Ne2 Nxg4 18. hxg4 Rfc8 19. Rc1 d5 20. e5 Rxc1 21. Nxc1 f6 22. d4 fxe5 23. Rxe5 Bd6 24. Re2 Qe7 25. Qe1 Re8 26. Nd3 Qh4 27. Ne5 Bxe5 28. Rxe5 Qxg4 29. f3 Qg6 30. Bc1 Rc8 31. Bf4 Rc2 32. g3 Bc8 33. Rg5 Qh6 34. Bd2 Qf6 35. Qe3 h6 36. Rg4 g5 37. f4 Qf5 38. fxg5 Qxg4 39. gxh6 Rxd2 0-1

[Event "Subotica-ch"]
[Site "Subotica"]
[Date "2008.02.20"]
[Round "2"]
[White "Juhasz, Jeno"]
[Black "Bosnjak, Slobodan"]
[Result "1-0"]
[WhiteElo "1921"]
[BlackElo "1968"]
[PlyCount "47"]
[EventDate "2008.02.18"]
[EventType "swiss"]
[EventRounds "9"]
[EventCountry "YUG"]
[SourceTitle "CBM 123 Extra"]
[Source "ChessBase"]
[SourceDate "2008.05.06"]
[SourceVersion "1"]
[SourceVersionDate "2008.05.06"]
[SourceQuality "1"]

1. Nf3 Nf6 2. c4 d5 3. d4 c6 4. Nc3 e6 5. Bg5 Be7 6. e3 Nbd7 7. Bd3 Bb4 8. Qc2 Qa5 9. 0-0 dxc4 10. Bxc4 Bxc3 11. bxc3 b5 12. Bd3 Bb7 13. Rfb1 Qc7 14. Bf4 Qc8 15. Bd6 a6 16. c4 Qd8 17. Ng5 h6 18. Nxe6 Qc8 19. Nxg7+ Kd8 20. Nf5 Ng8 21. Qc3 Nb6 22. Qa5 Kd7 23. Qxb6 Nf6 24. Be5 1-0

[Event "Subotica-ch op "]
[Site "Subotica"]
[Date "2007.02.28"]
[Round "5"]
[White "Tokovic, Svetozar"]
[Black "Bosnjak, Slobodan"]
[Result "1-0"]
[WhiteElo "2278"]
[BlackElo "2014"]
[PlyCount "70"]
[EventDate "2007.02.19"]
[EventType "swiss"]
[EventRounds "9"]
[EventCountry "YUG"]
[SourceTitle "EXT 2008"]
[Source "ChessBase"]
[SourceDate "2007.11.25"]
[SourceVersion "1"]
[SourceVersionDate "2007.11.25"]
[SourceQuality "1"]

1. e4 d5 2. exd5 Qxd5 3. Nc3 Qa5 4. Bc4 c6 5. Qe2 Bf5 6. d3 Nf6 7. Bd2 Qd8 8. Bb3 e6 9. h3 h6 10. g4 Bh7 11. f4 Be7 12. Nf3 Nbd7 13. Rg1 Nc5 14. Na4 Nxb3 15. axb3 Nd5 16. Nc3 Nb4 17. Kd1 Bf6 18. Ne5 a6 19. Qe3 Qe7 20. Ne4 Nd5 21. Qe2 Bxe5 22. fxe5 Bxe4 23. Qxe4 Qd7 24. c4 Nc7 25. Bb4 0-0-0 26. Bd6 f6 27. Kc2 fxe5 28. Bxe5 Ne8 29. Raf1 Qe7 30. Bg3 Nf6 31. Qe5 Kd7 32. Re1 Rhf8 33. Re3 Rc8 34. Rge1 Rfe8 35. Kb1 b6 1-0

[Event "Subotica-ch op "]
[Site "Subotica"]
[Date "2007.02.21"]
[Round "2"]
[White "Crnkovic, Ivan"]
[Black "Bosnjak, Slobodan"]
[Result "1-0"]
[WhiteElo "1848"]
[BlackElo "2014"]
[PlyCount "95"]
[EventDate "2007.02.19"]
[EventType "swiss"]
[EventRounds "9"]
[EventCountry "YUG"]
[SourceTitle "EXT 2008"]
[Source "ChessBase"]
[SourceDate "2007.11.25"]
[SourceVersion "1"]
[SourceVersionDate "2007.11.25"]
[SourceQuality "1"]

1. e4 e5 2. Nf3 d6 3. d4 exd4 4. Nxd4 g6 5. Nc3 c6 6. a4 Bg7 7. Be3 Nf6 8. Be2 0-0 9. 0-0 Re8 10. Bf3 Nbd7 11. h3 Ne5 12. Be2 Be6 13. Nxe6 Rxe6 14. f4 Ned7 15. Bf3 Qc7 16. Bf2 Nc5 17. Bxc5 dxc5 18. e5 Nd7 19. Bg4 Re7 20. Qd6 Nb6 21. Qxc7 Rxc7 22. Ne4 h5 23. Be2 Bf8 24. c4 Rd8 25. a5 Nc8 26. Rad1 Rd4 27. Nf6+ Kh8 28. Kh1 Ne7 29. g4 Bh6 30. g5 Bf8 31. Ne8 Rcd7 32. Nd6 Ng8 33. Rxd4 cxd4 34. c5 Kg7 35. Rd1 Ne7 36. Rxd4 Kg8 37. Bc4 Nf5 38. Nxf5 Rxd4 39. Nxd4 Bxc5 40. Nc2 b5 41. Bd3 b4 42. b3 Kf8 43. a6 Ke7 44. Bc4 h4 45. Kg2 Kf8 46. Ne1 Be3 47. Kf3 Bd2 48. Nd3 1-0